| 000 | 01991nam a2200421 4500 | ||
|---|---|---|---|
| 001 | 0000022261 | ||
| 003 | CO-CtgCURN | ||
| 005 | 20260408172442.0 | ||
| 008 | 160627s1996 000 0 eng d | ||
| 020 | _a9582000627 | ||
| 040 |
_aCO-CtgCURN _bspa _ccoctgcurn |
||
| 082 | 0 |
_a372.41 _bP76 |
|
| 245 | 0 | 4 |
_aLos procesos de la escritura : _bhacia la producción interactiva de los sentidos / _ccompiladores Fabio Jurado Valencia y Guillermo Bustamante Zamudio. |
| 260 |
_aBogotá : _bCooperativa Editorial del Magisterio, _c1996. |
||
| 300 | _a154 p. | ||
| 336 | _2rdacontent | ||
| 337 |
_2rdamedia _asin mediacion _bn |
||
| 338 |
_2rdacarrier _avolumen _bnc |
||
| 490 | 1 |
_aColección Mesa Redonda ; _v35 |
|
| 504 | _aBibliografia (p. 149-150) | ||
| 505 | 8 | _aEscuela, conocimiento y lenguaje escrito.--Informática sin escritura? el problema para la educación.--La escritura proceso semiótico reestructurador de la conciencia.--Constructivismo y lengua escrita.--Escritura e investigación.--De la narratología a la semiótica.--La escritura como proceso.--El manejo del lenguaje escrito | |
| 590 | _aCompetencias comunicativas I (Enfermería) | ||
| 590 | _aCompetencias comunicativas II (Enfermería) | ||
| 590 | _aCompetencias comunicativas I (Medicina) | ||
| 590 | _aCompetencias comunicativas II (Medicina) | ||
| 590 | _aCompetencias comunicativas III (Medicina) | ||
| 590 | _aCompetencias comunicativas I (Odontología) | ||
| 590 | _aCompetencias Comunicativas III (Odontología) | ||
| 590 | _aCompetencias comunicativas I (Bacteriología) | ||
| 590 | _aCompetencias comunicativas II (Bacteriología) | ||
| 650 | 0 |
_aEscritura _vEstudio y enseñanza. |
|
| 700 | 1 | _aJurado Valencia, Fabio. | |
| 908 | _a160627 | ||
| 942 |
_cBK _h372.41 _iP76 _2ddc |
||
| 999 |
_c49277 _d49277 |
||